<?xml version="1.0" encoding="UTF-8"?><?xml-stylesheet type="text/xsl" href="static/style.xsl"?><OAI-PMH xmlns="http://www.openarchives.org/OAI/2.0/" xmlns:xsi="http://www.w3.org/2001/XMLSchema-instance" xsi:schemaLocation="http://www.openarchives.org/OAI/2.0/ http://www.openarchives.org/OAI/2.0/OAI-PMH.xsd"><responseDate>2026-04-13T02:43:21Z</responseDate><request verb="GetRecord" identifier="oai:www.recercat.cat:2072/454397" metadataPrefix="marc">https://recercat.cat/oai/request</request><GetRecord><record><header><identifier>oai:recercat.cat:2072/454397</identifier><datestamp>2024-10-29T17:01:33Z</datestamp><setSpec>com_2072_98</setSpec><setSpec>col_2072_378196</setSpec></header><metadata><record xmlns="http://www.loc.gov/MARC21/slim" xmlns:dcterms="http://purl.org/dc/terms/" xmlns:xsi="http://www.w3.org/2001/XMLSchema-instance" xmlns:doc="http://www.lyncode.com/xoai" xsi:schemaLocation="http://www.loc.gov/MARC21/slim http://www.loc.gov/standards/marcxml/schema/MARC21slim.xsd">
   <leader>00925njm 22002777a 4500</leader>
   <datafield ind2=" " ind1=" " tag="042">
      <subfield code="a">dc</subfield>
   </datafield>
   <datafield ind2=" " ind1=" " tag="720">
      <subfield code="a">Balaguer Falco, Mar</subfield>
      <subfield code="e">author</subfield>
   </datafield>
   <datafield ind2=" " ind1=" " tag="720">
      <subfield code="a">Universitat Autònoma de Barcelona. Facultat de Traducció i d'Interpretació</subfield>
      <subfield code="e">author</subfield>
   </datafield>
   <datafield ind2=" " ind1=" " tag="260">
      <subfield code="c">2023</subfield>
   </datafield>
   <datafield ind2=" " ind1=" " tag="520">
      <subfield code="a">El present treball de fi de màster té com a objectiu avaluar la qualitat de l'eina de neteja i avaluació de corpus automàtica, Bicleaner. Per aconseguir-ho s'ha passat una mostra del corpus de WikiMatrix anglès-català de 200 feta amb segments aleatoris per l'eina. Per extreure conclusions sobre els resultats sobre aquest mateix conjunt de segments s'ha realitzat altra avaluació, de forma manual, amb ajuda de l'eina KEOPS i se n'han comparat els resultats. Els resultats mostren que l'avaluació automàtica pot ser molt útil per a fer una primera aproximació, encara que no produeixi uns resultats prou coherents per a dependre'n únicament i es requereixi una segona avaluació.</subfield>
   </datafield>
   <datafield ind2=" " ind1=" " tag="520">
      <subfield code="a">El presente trabajo de final de máster tiene como objetivo evaluar la calidad de la herramienta de limpieza y evaluación de corpus automática, Bicleaner. Para conseguirlo se ha pasado una muestra del corpus de WikiMatrix inglés-catalán hecha con segmentos aleatorios por la herramienta. Para extraer conclusiones sobre los resultados se ha realizado otra evaluación, de forma manual, con ayuda de la herramienta KEOPS y se han comparado los resultados. Los resultados muestran que la evaluación automática puede ser muy útil para hacer una primera aproximación, aunque luego no produzca unos resultados lo suficientemente coherentes para depender de ella únicamente y se necesite una segunda evaluación.</subfield>
   </datafield>
   <datafield ind2=" " ind1=" " tag="520">
      <subfield code="a">The aim of this master's thesis is to evaluate the quality of the automatic corpus cleaning and evaluation tool, Bicleaner. To achieve this, a sample of the English-Catalan WikiMatrix corpus made with random segments has been evaluated with the tool. In order to draw conclusions about the results, another evaluation was carried out manually with the help of the KEOPS tool and the results were compared. The results show that the automatic evaluation can be very useful for a first approximation, even though it doesn't produce coherent enough results to be used on its own and a second evaluation is needed.</subfield>
   </datafield>
   <datafield ind1="8" ind2=" " tag="024">
      <subfield code="a">http://hdl.handle.net/2072/454397</subfield>
   </datafield>
   <datafield tag="653" ind2=" " ind1=" ">
      <subfield code="a">Avaluació de corpus</subfield>
   </datafield>
   <datafield tag="653" ind2=" " ind1=" ">
      <subfield code="a">Bicleaner</subfield>
   </datafield>
   <datafield tag="653" ind2=" " ind1=" ">
      <subfield code="a">KEOPS</subfield>
   </datafield>
   <datafield tag="653" ind2=" " ind1=" ">
      <subfield code="a">Anglès-català</subfield>
   </datafield>
   <datafield tag="653" ind2=" " ind1=" ">
      <subfield code="a">WikiMatrix</subfield>
   </datafield>
   <datafield tag="653" ind2=" " ind1=" ">
      <subfield code="a">Evaluación de corpus</subfield>
   </datafield>
   <datafield tag="653" ind2=" " ind1=" ">
      <subfield code="a">Inglés catalán</subfield>
   </datafield>
   <datafield tag="653" ind2=" " ind1=" ">
      <subfield code="a">Corpus evaluation</subfield>
   </datafield>
   <datafield tag="653" ind2=" " ind1=" ">
      <subfield code="a">English-Catalan</subfield>
   </datafield>
   <datafield ind2="0" ind1="0" tag="245">
      <subfield code="a">Avaluació de la utilitat de l'eina de neteja de corpus automàtica bicleaner : avaluació aplicada al corpus wilimatrix Anglès-Catlà en comparació amb l'avaluació manual de Keops</subfield>
   </datafield>
</record></metadata></record></GetRecord></OAI-PMH>